| 000 | 02740nam a2200493 i 4500 | ||
|---|---|---|---|
| 001 | 193260 | ||
| 003 | SpMaBN | ||
| 005 | 20250827052658.0 | ||
| 007 | ta | ||
| 008 | 130906s2013 sp a | |||| 000 0aspa | ||
| 017 |
_aM 10988-2013 _bOficina Depósito Legal Madrid |
||
| 020 | _a9788415244974 | ||
| 035 | _a(OCoLC)864334000 | ||
| 035 | _aa5394583 | ||
| 040 |
_aSpMaBN _bspa _cSpMaBN _erdc |
||
| 080 | _a913(548)(036) | ||
| 080 | _a914.973 | ||
| 080 | _a908(439) | ||
| 100 | 1 |
_aNistal, Gloria _0XX1740682 _eaut _9234310 |
|
| 245 | 1 | 0 |
_aNo vi tigres en Kerala / _cGloria Nistal |
| 250 | _aPrimera edición: 2013 | ||
| 260 |
_aMadrid : _bPigmalión Edypro, _c2013 |
||
| 300 |
_a234 páginas, 3 láminas (color) ; _c21 cm |
||
| 336 |
_aTexto (visual) _2isbdcontent |
||
| 337 |
_asin mediación _2isbdmedia |
||
| 338 |
_2rdacarrier _avolumen |
||
| 490 | 1 | _aNarrativa | |
| 500 | _aÍndice | ||
| 500 | _aGalería fotográfica: p. [235-237] | ||
| 505 | _aContiene: India del Sur; Montenegro y Hungría (Budapest) | ||
| 520 | _aPosiblemente, los relatos de viajes son el exponente de las múltiples facetas de Gloria Nistal como autora. En estos libros encontramos un sinfín de rasgos que definen su personalidad y su estilo, entre los que es característica muy destacada la combinación de diversos contenidos y formas. En sus escritos, casi siempre, se mezclan, o tal vez se complementan, lo más doloroso y lo más divertido, lo poético y lo coloquial, lo que nos divierte y lo que nos hace pensar… A través de la lectura de sus libros de viajes llegamos a sentir que participamos de algún modo en cada uno de los itinerarios descritos, contemplamos la belleza de sus paisajes, disfrutamos de sus manifestaciones artísticas, aprendemos su historia, observamos a sus gentes, conocemos nuevas formas de vida, ensanchamos nuestro mundo y nos enriquecemos espiritualmente. En esta ocasión nos habla de la India del sur y de un segundo viaje en el que visita dos países europeos: Montenegro y Hungría. | ||
| 651 | 4 |
_aIndia meridional- _xDescripción _2embne _9234389 |
|
| 651 | 4 |
_aMontenegro- _xDescripción _9234390 |
|
| 651 | 4 |
_aHungría- _xDescripción _9164203 |
|
| 655 | 0 |
_aNarraciones de viajes _9233914 |
|
| 830 |
_9234388 _aNarrativa Pigmalión |
||
| 852 |
_aES-MaACL _bR. 154659 _cDEPOJ _jN-9431 _9200690 _xEncuadernación rústica con solapas _hDonación: Gloria Nistal |
||
| 903 |
_aNistal, Gloria _ednr _9234310 |
||
| 942 |
_n0 _cMONOGRAFIA |
||
| 999 |
_c193260 _d193260 |
||